Red flag over Afghanistan (Record no. 5221)

000 -LEADER
fixed length control field 00524 a2200157 4500
020 ## - INTERNATIONAL STANDARD BOOK NUMBER
International Standard Book Number 0865314454
082 ## - DEWEY DECIMAL CLASSIFICATION NUMBER
Classification number 958.1044
090 ## - LOCALLY ASSIGNED LC-TYPE CALL NUMBER (OCLC); LOCAL CALL NUMBER (RLIN)
-- 1263
-- 1263
100 10 - MAIN ENTRY--PERSONAL NAME
Personal name Hammond, Thomas T
245 10 - TITLE STATEMENT
Title Red flag over Afghanistan
Remainder of title : the Communist coup, the Soviet invasion, and the consequences
Statement of responsibility, etc. / Thomas T. Hammond.
260 ## - PUBLICATION, DISTRIBUTION, ETC.
Place of publication, distribution, etc. Boulder, Colo.
Name of publisher, distributor, etc. : Westview Press,
Date of publication, distribution, etc. 1984.
300 ## - PHYSICAL DESCRIPTION
Extent xvii, 262 p.
Dimensions ; 24 cm.
500 ## - GENERAL NOTE
General note Includes index.
651 #0 - SUBJECT ADDED ENTRY--GEOGRAPHIC NAME
Geographic name Afghanistan
General subdivision History
Chronological subdivision Soviet Occupation, 1979-1989.
942 ## - ADDED ENTRY ELEMENTS (KOHA)
Koha item type Book
Call number prefix 958.1044 HAM
Holdings
Withdrawn status Lost status Damaged status Not for loan Collection code Permanent Location Current Location Shelving location Date acquired Total Checkouts Total Renewals Full call number Barcode Checked out Date last seen Price effective from Koha item type
          Central Library (CL) Central Library (CL) General Stacks 04/16/2014   1 958.1044 HAM SEECSD00265 03/07/2020 11/14/2012 01/05/2017 Book
© 2023 Central Library, National University of Sciences and Technology. All Rights Reserved.